| 000 | 02249cam a2200469 a 4500 | ||
|---|---|---|---|
| 001 | 768714001 | ||
| 003 | CO-MdFUSB | ||
| 005 | 20240906122909.0 | ||
| 008 | 060808t2006 ck 000 0aspa | ||
| 010 | _a 2006280234 | ||
| 020 | _a9781576583340 | ||
| 040 |
_aDLC _dDLC _bspa _cCO-MdFUSB _erda |
||
| 041 |
_aspa _heng |
||
| 043 | _as-ve--- | ||
| 082 |
_222 _a266.089 _bO524b |
||
| 100 | 1 |
_aOlson, Bruce _eautor |
|
| 240 | _aBruchko. | ||
| 245 | 1 | 0 |
_aBruchko / _cBruce Olson. |
| 246 | 1 | _aLa asombrosa historia de un joven de diecinueve años, su captura por los indígenas motilones y sus aventuras en el intento de cristianizar a una tribu de la Edad de Piedra. | |
| 260 |
_aLake Mary, Fla. : _bCharisma House, _cc2006. |
||
| 264 | 1 |
_aTyler. TX. : _bJucum, _c[2006] |
|
| 264 | 4 | _c©2006 | |
| 300 |
_axx, 192 páginas. ; _c23 cm. |
||
| 336 |
_2rdacontent _atexto _btxt |
||
| 337 |
_2rdamedia _asin mediación _bn |
||
| 338 |
_2rdacarrier _avolumen _bnc |
||
| 505 | _aRegreso a la selva -- ¿Quién es mi Dios? -- Conflicto -- ¿Misionero? -- El primer encuentro con los indígenas -- Ayuda en el último minuto -- Comunistas -- A punto de ser asesinado -- Soborno -- Un recibimiento espantoso -- Dentro y fuera de la civilización -- Un espera impaciente -- Desánimo -- Un pacto fraternal -- Confundido con un caníbal -- La bruja curandera -- Jesús el motilón -- La noche de jaguar.-- milagros cotidianos -- Como David y Jonatán -- Gloria -- Casi aniquilados --- El remolino --- Más allá del horizonte -- Epílogo | ||
| 534 |
_cBruchko _pOriginalmente publicado en inglés con el título: |
||
| 650 | 0 |
_aMotilon Indians _xMissions. |
|
| 650 | 0 |
_aYuko Indians _xMissions. |
|
| 650 | 0 |
_aIndians of South America _xMissions _zVenezuela. |
|
| 650 | 0 |
_aMissionaries _zVenezuela _vBiography. |
|
| 650 | 0 |
_aMissionaries _zUnited States _vBiography. |
|
| 650 | 0 |
_aMisiones _9154 |
|
| 653 | _aIndigenas -- Motilones -- Venezuela | ||
| 653 | _aIndigenas -- Motilones -- America del Sur | ||
| 856 | 4 | 2 | _uhttp://www.loc.gov/catdir/enhancements/fy1010/2006280234-d.html |
| 856 | 4 | 2 | _uhttp://www.loc.gov/catdir/enhancements/fy1208/2006280234-b.html |
| 942 | _cBK | ||
| 945 | _aJTF-925 | ||
| 999 |
_c37603 _d37603 |
||